Sistematización y evaluación de las competencias ciudadanas para sociedades democráticas (Record no. 166285)

MARC details
000 -CABECERA
campo de control de longitud fija 00799nab a2200253 a 4500
005 - FECHA Y HORA DE LA ÚLTIMA TRANSACCIÓN
campo de control 20210219161912.0
008 - ELEMENTOS DE LONGITUD FIJA--INFORMACIÓN GENERAL
campo de control de longitud fija 991125s1985 mx 000 0 spa u
035 ## - NÚMERO DE CONTROL DEL SISTEMA
Número de control de sistema UPN01000194184
100 1# - ASIENTO PRINCIPAL--NOMBRE PERSONAL
Nombre de persona Ochman, Marta
100 1# - ASIENTO PRINCIPAL--NOMBRE PERSONAL
Filiación mochman@itesm.mx
222 ## - TÍTULO CLAVE
Título clave REVISTA MEXICANA DE INVESTIGACION EDUCATIVA
245 ## - MENCIÓN DE TÍTULO
Título Sistematización y evaluación de las competencias ciudadanas para sociedades democráticas
300 ## - DESCRIPCIÓN FÍSICA
Extensión 63-89
362 0# - FECHAS DE PUBLICACIÓN Y/O DESIGNACIÓN SECUENCIAL
Fecha de publicación y/o designación secuencial 2013 Vol. 18, no. 56 (1), ene.-mar.
653 0# - TERMINO DE INDIZACION - NO CONTROLADO
Término no controlado COMPETENCIAS CIUDADANAS
653 0# - TERMINO DE INDIZACION - NO CONTROLADO
Término no controlado EDUCACION MEDIA SUPERIOR
653 0# - TERMINO DE INDIZACION - NO CONTROLADO
Término no controlado MEXICO
653 0# - TERMINO DE INDIZACION - NO CONTROLADO
Término no controlado EDUCACION SUPERIOR
700 1# - ASIENTO SECUNDARIO--NOMBRE DE PERSONAL
Nombre de persona Cantú Escalante, Jesús,
700 1# - ASIENTO SECUNDARIO--NOMBRE DE PERSONAL
Filiación jce@itesm.mx
700 1# - ASIENTO SECUNDARIO--NOMBRE DE PERSONAL
Término indicativo de función/relación coaut.
856 1# - LOCALIZACIÓN Y ACCESO ELECTRÓNICOS
Identificador Uniforme del Recurso <a href="http://www.redalyc.org/articulo.oa?id=14025581004">http://www.redalyc.org/articulo.oa?id=14025581004</a>
905 ## - TIPO DE MATERIAL
Tipo de material Articulo

No items available.